UBT Library

English for Accountants : (Record no. 268)

000 -LEADER
fixed length control field 00506nam a22001817a 4500
008 - FIXED-LENGTH DATA ELEMENTS--GENERAL INFORMATION
fixed length control field 131111b xxu||||| |||| 00| 0 ger d
020 ## - INTERNATIONAL STANDARD BOOK NUMBER
International Standard Book Number 3714300406
041 0# - LANGUAGE CODE
Language code of text/sound track or separate title ger
080 ## - UNIVERSAL DECIMAL CLASSIFICATION NUMBER
Universal Decimal Classification number 336.722.6
Common auxiliary subdivision (=111)(038)
245 ## - TITLE STATEMENT
Title English for Accountants :
260 ## -
-- Wien :
-- Linde Verlag ;
-- 2005.
300 ## -
-- 144 f. :
-- 18 cm.
500 ## -
-- Vorwort :n f. 5
650 #0 -
-- Financa
-- Fjalor
700 1# -
-- Grünberger, David
700 1# -
-- Grünberger, Herbert
942 ## - ADDED ENTRY ELEMENTS (KOHA)
Source of classification or shelving scheme
Item type Books
Holdings
Withdrawn status Lost status Source of classification or shelving scheme Damaged status Not for loan Collection code Permanent location Current location Shelving location Date acquired Total Checkouts Full call number Barcode Date last seen Price effective from Koha item type
          Koleksioni i përgjithshem UBT - Prishtine UBT - Prishtine Koleksioni i përgjithshem 11/11/2013   336.722(=111)(038) REC 001-000317 11/11/2013 11/11/2013 Books
UBT Library © 2015-2024. All rights reserved University Education for Business and Technology